Transformácia medzi jednoduchým a podvojným účtovníctvom

Prechod z jednoduchého účtovníctva na podvojné účtovníctvo. Prechod začiatočných zostatkov jednotlivých účtov. Účtové triedy 0 - 4. Účtovné knihy. Účtovanie na jednotlivých účtoch. Prechod z podvojného účtovníctva na jednoduché účtovníctvo.

Saved in:
Bibliographic Details
Main Author: Jánoš, Daniel
Format: Book Chapter
Language:Slovak
Subjects:
Tags: Add Tag
No Tags, Be the first to tag this record!

MARC

LEADER 00000naa a2200000 4500
001 r040908
005 20230919091557.3
041 0 |a slo 
044 |a SK 
245 1 0 |a Transformácia medzi jednoduchým a podvojným účtovníctvom  |c Daniel Jánoš 
520 |a Prechod z jednoduchého účtovníctva na podvojné účtovníctvo. Prechod začiatočných zostatkov jednotlivých účtov. Účtové triedy 0 - 4. Účtovné knihy. Účtovanie na jednotlivých účtoch. Prechod z podvojného účtovníctva na jednoduché účtovníctvo. 
610 2 0 |a účtovníctvo jednoduché 
610 2 0 |a účtovníctvo podvojné 
610 2 0 |a transformácia 
610 2 0 |a účtovanie 
610 2 0 |a triedy účtové 
610 2 0 |a knihy účtovné 
610 2 0 |a účty 
100 1 |a Jánoš, Daniel